| 000 | 00675nam a2200253Ia 4500 | ||
|---|---|---|---|
| 003 | OSt | ||
| 005 | 20221007070711.0 | ||
| 006 | a|||||r|||| 00| 0 | ||
| 007 | ta | ||
| 008 | 221006b |||||||| |||| 00| 0 eng d | ||
| 024 | _a44,328 | ||
| 037 | _cTextual | ||
| 040 |
_aFLL _cFLL _beng |
||
| 041 |
_2eng _aeng |
||
| 082 | _aD66:(Z2), Q7.1 | ||
| 100 | _aTandon rajesh | ||
| 245 | 0 | _aGuide to the electricity laws | |
| 250 | _a2nd | ||
| 260 |
_aGurgaon _bThomson reuters south asia pvt. ltd. India _c2017 |
||
| 300 |
_acxii,1-1296,1-58p. _ccm. |
||
| 490 | _vVolume-1 | ||
| 942 |
_hD66:(Z2), Q7.1 _cTEXL _2CC |
||
| 999 |
_c1141285 _d1141285 |
||